Statistiques concernant Pays produisant la plupart des olives (2012)

Cliquez ici pour prendre le quiz!

Statistiques générales

  • Ce quiz a été pris 79 fois
  • Le résultat moyen est 14 sur 20

Statistiques - réponses

tonnes x 1000pays% Correct
3018Italie
97%
3627Espagne
96%
1316Maroc
95%
963Tunisie
95%
394Algérie
94%
2081Grèce
94%
563Égypte
92%
390Portugal
91%
1820Turquie
86%
135Libye
81%
145Etats-Unis
73%
95Liban
66%
1050Syrie
62%
156Jordanie
58%
125Albanie
47%
175Argentine
45%
85Australie
45%
74Chili
36%
93Pérou
30%
100Palestine
16%

Distribution des résultats

Percentile par nombre de réponses

% des personnes avec chaque résultat

Votre développement - résultats

Vous n’avez pas pris ce quiz